000
00323nam a2200133Ia 4500
008
231129s1985||||xx |||||||||||||| ||spa||
040
_b
spa
082
_a
930 B419h
100
_a
Behaline de Cendales Lind Gladys
245
0
_a
Historia antigua
260
_c
1985
264
_a
Universidad Santo Tomas
942
_2
ddc
_c
BKS
999
_c
15052
_d
15052